Top 10 países que producen la mayor cantidad de té - Estadísticas

Estadísticas generales
  • Esta prueba ha sido intentada 3.666 veces
    1.568 desde el último reinicio
  • La puntuación promedio es 6 de 10
Estadísticas de respuestas
Toneladas País % Correcto
3,35 M China
97%
1,37 M India
94%
70,0 mil Japón
85%
125 mil Indonesia
70%
269 mil Vietnam
67%
98,1 mil Bangladés
53%
246 mil Turquía
45%
251 mil Sri Lanka
39%
78,7 mil Argentina
38%
535 mil Kenia
19%
No se encontraron pruebas coincidentes
Distribución de puntuación
Porcentaje de gente con cada puntuación
Porcentaje por número respondido
Historial de tus puntuaciones
No has intentado esta prueba desde el último reinicio